01758nam a2200397 a 4500001001100000003000800011006001900019007001500038008004100053010001700094020003300111040002100144035002000165050002400185082001800209100003000227245012400257260003600381300001100417504006400428533015200492600006500644600007000709600006900779600006600848600003000914600002200944650005300966650005401019650004601073650005501119655002901174710001701203856012501220999001501345ebr5001913CaPaEBRm u cr cn|||||||||010131s2001 mau sb 001 0deng  z 2001025117 z0807009563 (acid-free paper) aCaPaEBRcCaPaEBR a(OCoLC)7076912614aE302.5b.W68 2001eb04a973/.09/92211 aWilkins, Roger W.,d1932-10aJefferson's pillowh[electronic resource] :bthe founding fathers and the dilemma of Black patriotism /cRoger Wilkins. aBoston :bBeacon Press,cc2001. a163 p. aIncludes bibliographical references (p. 148-154) and index. aElectronic reproduction.bPalo Alto, Calif. :cebrary,d2013.nAvailable via World Wide Web.nAccess may be limited to ebrary affiliated libraries.10aMason, George,d1725-1792xRelations with African Americans.10aWashington, George,d1732-1799xRelations with African Americans.10aJefferson, Thomas,d1743-1826xRelations with African Americans.10aMadison, James,d1751-1836xRelations with African Americans.10aWilkins, Roger W.,d1932-30aWilkinson family. 0aStatesmenzUnited StatesxHistoryy18th century. 0aPresidentszUnited StatesxHistoryy18th century. 0aAfrican AmericansxCivil rightsxHistory. 0aNationalismzUnited StatesxPsychological aspects. 7aElectronic books.2local2 aebrary, Inc.40uhttp://site.ebrary.com/lib/rucke/Doc?id=5001913zAn electronic book accessible through the World Wide Web; click to view c1652d1652